书目信息 |
| 题名: |
硅酸盐工业分析
|
|
| 作者: | 刘文森 编 | |
| 分册: | ||
| 出版信息: | 北京 轻工业出版社 1966 |
|
| 页数: | 145页 | |
| 开本: | 20cm | |
| 丛书名: | ||
| 单 册: | ||
| 中图分类: | TQ17 | |
| 科图分类: | ||
| 主题词: | 硅酸盐--化学工业 | |
| 电子资源: | ||
| ISBN: | ||
| 000 | 00587nam0 2200217 450 | |
| 001 | 0632174750 | |
| 005 | 20060508155231.10 | |
| 010 | @dCNY0.55 | |
| 091 | @aK15042.1245 | |
| 100 | @a20060420d1966 km y0chiy0120 ea | |
| 101 | 0 | @achi |
| 102 | @aCN@b110000 | |
| 200 | 1 | @a硅酸盐工业分析@Agui suan yan gong ye fen xi@f刘文森编@Fliu wen sen bian |
| 210 | @a北京@c轻工业出版社@d1966 | |
| 215 | @a145页@d20cm | |
| 300 | @a中等专业学校试用教材 | |
| 606 | 0 | @a硅酸盐@x化学工业 |
| 690 | @aTQ17@v3 | |
| 701 | 0 | @a刘文森@Aliu wen sen@4编 |
| 801 | 0 | @aCN@bPFT@c20060508 |
| 905 | @a10447@dTQ17@e3 | |
| 硅酸盐工业分析/刘文森编.-北京:轻工业出版社,1966 |
| 145页;20cm |
| 中等专业学校试用教材 |
| ISBN :CNY0.55 |
| ● |
| 相关链接 |
|
|
|
|
正题名:硅酸盐工业分析
索取号:TQ17/3
 
预约/预借
| 序号 | 登录号 | 条形码 | 馆藏地/架位号 | 状态 | 备注 |
| 1 | 0017344 | 202250143 | 第二样本阅览室/ [索取号:TQ17/3] | 在馆 | |
| 2 | 0017345 | 202249986 | 密集书库/ [索取号:TQ17/3] | 在馆 | |
| 3 | 0017346 | 202314129 | 密集书库/ [索取号:TQ17/3] | 在馆 | |
| 4 | 0017347 | 202314085 | 密集书库/ [索取号:TQ17/3] | 在馆 | |
| 5 | 0017348 | 202314094 | 密集书库/ [索取号:TQ17/3] | 在馆 |